Library Logo

ابن الوقت : (Record no. 246096)

000 -LEADER
fixed length control field 01175cam a22004097i 4500
001 - CONTROL NUMBER
control field 18320059
003 - CONTROL NUMBER IDENTIFIER
control field BD-DhUL
005 - DATE AND TIME OF LATEST TRANSACTION
control field 20190204164635.0
008 - FIXED-LENGTH DATA ELEMENTS--GENERAL INFORMATION
fixed length control field 140930s1922 pk 000 1 urd
010 ## - LIBRARY OF CONGRESS CONTROL NUMBER
LC control number 2014363303
020 ## - INTERNATIONAL STANDARD BOOK NUMBER
International Standard Book Number 9789693526882
020 ## - INTERNATIONAL STANDARD BOOK NUMBER
International Standard Book Number 9693526880
025 ## - OVERSEAS ACQUISITION NUMBER
Overseas acquisition number P-U-2014363303; 11
037 ## - SOURCE OF ACQUISITION
Source of stock number/acquisition Library of Congress -- Islamabad Overseas Office
Terms of availability Rs 400
040 ## - CATALOGING SOURCE
Original cataloging agency DLC
Language of cataloging eng
Description conventions rda
Transcribing agency DLC
Modifying agency BD-DhUL
042 ## - AUTHENTICATION CODE
Authentication code lcode
050 00 - LIBRARY OF CONGRESS CALL NUMBER
Classification number PK2199.N35+
066 ## - CHARACTER SETS PRESENT
Alternate G0 or G1 character set (3
-- (4
082 ## - DEWEY DECIMAL CLASSIFICATION NUMBER
Classification number 891.433
Item number NAE
100 0# - MAIN ENTRY--PERSONAL NAME
Linkage 880-01
Personal name نزیر احمد۔
Dates associated with a name 1836-1912,
245 10 - TITLE STATEMENT
Linkage 880-02
Title ابن الوقت :
Remainder of title ناول /
Statement of responsibility, etc. نزیر احمد۔
246 ## - VARYING FORM OF TITLE
Title proper/short title Ibn al-vaqt : Novel.
264 #1 - PRODUCTION, PUBLICATION, DISTRIBUTION, MANUFACTURE, AND COPYRIGHT NOTICE
Linkage 880-03
Place of production, publication, distribution, manufacture Lāhaur :
Name of producer, publisher, distributor, manufacturer Sang-i Mīl Pablikeshanz,
300 ## - PHYSICAL DESCRIPTION
Extent 224 pages ;
Dimensions 22 cm
336 ## - CONTENT TYPE
Content type term text
Source rdacontent
337 ## - MEDIA TYPE
Media type term unmediated
Source rdamedia
338 ## - CARRIER TYPE
Carrier type term volume
Source rdacarrier
500 ## - GENERAL NOTE
General note Novel.
546 ## - LANGUAGE NOTE
Language note In Urdu.
650 #4 - SUBJECT ADDED ENTRY--TOPICAL TERM
Topical term or geographic name as entry element Urdu fiction.
880 0# - ALTERNATE GRAPHIC REPRESENTATION
Linkage 100-01/(3/r‏
880 10 - ALTERNATE GRAPHIC REPRESENTATION
Linkage 245-02/(3/r‏
880 #1 - ALTERNATE GRAPHIC REPRESENTATION
Linkage 264-03/(3/r‏
906 ## - LOCAL DATA ELEMENT F, LDF (RLIN)
a 7
b cbc
c origode
d 4
e ncip
f 20
g y-nonroman
942 ## - ADDED ENTRY ELEMENTS (KOHA)
Source of classification or shelving scheme
Koha item type Books
Holdings
Price effective from Date last seen Permanent Location Not for loan Date acquired Source of classification or shelving scheme Koha item type Lost status Withdrawn status Copy number Source of acquisition Collection code Damaged status Shelving location Barcode Current Location Full call number
2019-02-042019-02-04Dhaka University Library 1922-04-20 Books  1PurchasedNon Fiction General Stacks3999Dhaka University Library891.433 NAE
Last Updated on September 15, 2019
© Dhaka University Library. All Rights Reserved|Staff Login